00534 2200181 4500245005400000020002200054250001100076100001500087700001700102650001000119005001900129260003700148041001400185084000800199300002700207500010900234336000900343 aDongeng - dongeng yang Tak UtuhcBoy CandrahText a978-979-794-579-4 aCet. 1 aBoy Candra aFenisa Zahra aPuisi a20240129135415 aJakarta SelatanbMediakitac2019 aIndonesia a811 avi + 162 hlm. :c19 cm aSelain di langit, Tuhan juga menciptakan surga di tatap matamu dan di setiap ketidakwarasanku akan kamu. atext